[Event "Titled Tuesday intern op 08th Aug Late"]
[Site "Chess.com INT"]
[Date "2023.08.08"]
[Round "3"]
[White "Ponikarovsky, Alexey"]
[Black "Tari, Aryan"]
[Result "1-0"]
[WhiteElo "1869"]
[BlackElo "2629"]
[PlyCount "55"]
[EventDate "2023.08.08"]
[EventType "swiss (blitz)"]
[EventRounds "11"]
[EventCountry "USA"]
[SourceTitle "EXT 2024"]
[Source "ChessBase"]
[SourceDate "2023.10.10"]
[SourceVersion "1"]
[SourceVersionDate "2023.10.10"]
[SourceQuality "1"]

1. e4 c5 2. d4 cxd4 3. Nf3 Nc6 4. Bc4 Nf6 5. Qe2 e6 6. 0-0 Nxe4 7. Qxe4 d5 8. Qe2 dxc4 9. Qxc4 Bd7 10. Nxd4 Rc8 11. Nxc6 Bxc6 12. Qg4 h5 13. Qh3 g5 14. Nc3 g4 15. Qg3 Rg8 16. Bf4 Bc5 17. Rad1 Qe7 18. h4 f6 19. Rfe1 Kf7 20. Nd5 Bxd5 21. Rxd5 exd5 22. Rxe7+ Kxe7 23. Qd3 Ke6 24. c4 Rgd8 25. cxd5+ Kd7 26. Qf5+ Ke8 27. Qe6+ Kf8 28. Bh6# 1-0

[Event "Titled Tuesday intern op 31st Aug"]
[Site "Chess.com INT"]
[Date "2021.08.31"]
[Round "9"]
[White "Milchev, Nikolay"]
[Black "Ponikarovsky, Alexey"]
[Result "0-1"]
[WhiteElo "2408"]
[BlackElo "1941"]
[PlyCount "116"]
[EventDate "2021.08.31"]
[EventType "swiss (blitz)"]
[EventRounds "11"]
[EventCountry "USA"]
[SourceTitle "EXT 2022"]
[Source "ChessBase"]
[SourceDate "2021.10.06"]
[SourceVersion "1"]
[SourceVersionDate "2021.10.06"]
[SourceQuality "1"]

1. Nf3 d5 2. c4 e6 3. g3 Nf6 4. Bg2 Be7 5. 0-0 0-0 6. d4 b6 7. Nc3 Bb7 8. Bf4 dxc4 9. Qa4 Nbd7 10. Rfd1 h6 11. Qxc4 Rc8 12. Ne5 Bxg2 13. Kxg2 Nxe5 14. Bxe5 Nd5 15. e4 Nxc3 16. bxc3 Bf6 17. Bxf6 Qxf6 18. Qc6 Qe7 19. e5 Rfd8 20. a4 a5 21. c4 f6 22. exf6 Qxf6 23. Qe4 Re8 24. Ra3 Rcd8 25. Rf3 Qe7 26. Qg6 Rf8 27. Rxf8+ Rxf8 28. Re1 Rf6 29. Qe4 Qd6 30. Re2 Qd7 31. Ra2 Qf7 32. f4 Qd7 33. Qe5 Qc6+ 34. Kg1 Qxc4 35. Re2 Qxa4 36. Qxc7 Qxd4+ 37. Kf1 Qc5 38. Qd8+ Kh7 39. Qd3+ Qf5 40. Qd4 b5 41. Re5 Qb1+ 42. Kg2 Qc2+ 43. Kh3 Rf5 44. g4 Rxe5 45. Qxe5 Qd3+ 46. Kh4 Qd5 47. Qb2 g5+ 48. fxg5 Qxg5+ 49. Kg3 Qe3+ 50. Kh4 Qe1+ 51. Kh5 Qe4 52. Qf6 Qd5+ 53. Kh4 Qg5+ 54. Qxg5 hxg5+ 55. Kxg5 a4 56. Kf4 a3 57. Ke3 a2 58. Kd2 a1Q 0-1

[Event "Titled Tuesday intern op 24th Aug"]
[Site "Chess.com INT"]
[Date "2021.08.24"]
[Round "2"]
[White "Ponikarovsky, Alexey"]
[Black "Goncharov, Vladimir"]
[Result "0-1"]
[WhiteElo "1941"]
[BlackElo "2077"]
[PlyCount "104"]
[EventDate "2021.08.24"]
[EventType "swiss (blitz)"]
[EventRounds "11"]
[EventCountry "USA"]
[SourceTitle "EXT 2022"]
[Source "ChessBase"]
[SourceDate "2021.10.06"]
[SourceVersion "1"]
[SourceVersionDate "2021.10.06"]
[SourceQuality "1"]

1. e4 e6 2. d4 d5 3. exd5 exd5 4. Nf3 Nc6 5. c4 Bb4+ 6. Nc3 Nge7 7. Be2 0-0 8. 0-0 dxc4 9. h3 Be6 10. Bg5 f6 11. Bh4 Qd7 12. a3 Bxc3 13. bxc3 a6 14. Bg3 b5 15. a4 Nd5 16. Qc1 Na5 17. Qc2 Nb3 18. Ra2 Nb6 19. axb5 axb5 20. Rxa8 Rxa8 21. Nd2 Bf5 22. Ne4 Re8 23. f3 Nd5 24. Bf2 c6 25. Qb2 Bxe4 26. fxe4 Rxe4 27. Bf3 Re8 28. Bg3 Qa7 29. Kh2 Qa5 30. Bxd5+ cxd5 31. Kh1 b4 32. cxb4 Qxb4 33. Rb1 Qd2 34. Qa3 Qd3 35. Rg1 Qxg3 36. Qa4 Qe3 37. Qd7 Qe6 38. Qb7 h5 39. Qa7 h4 40. Rf1 Rc8 41. Qa4 Nxd4 42. Qd1 Nf5 43. Re1 Ng3+ 44. Kh2 Qd6 45. Kg1 c3 46. Qg4 Qc5+ 47. Kh2 Qc7 48. Kg1 Ne4 49. Qxh4 c2 50. Rc1 Qc5+ 51. Kh1 Qe3 52. Rf1 c1Q 0-1

[Event "Titled Tuesday intern op 24th Aug"]
[Site "Chess.com INT"]
[Date "2021.08.24"]
[Round "9"]
[White "Ponikarovsky, Alexey"]
[Black "Stoyanov, Tsvetan"]
[Result "0-1"]
[WhiteElo "1941"]
[BlackElo "2383"]
[PlyCount "142"]
[EventDate "2021.08.24"]
[EventType "swiss (blitz)"]
[EventRounds "11"]
[EventCountry "USA"]
[SourceTitle "EXT 2022"]
[Source "ChessBase"]
[SourceDate "2021.10.06"]
[SourceVersion "1"]
[SourceVersionDate "2021.10.06"]
[SourceQuality "1"]

1. e4 c5 2. d4 cxd4 3. Nf3 Nf6 4. e5 Nd5 5. Bc4 e6 6. Bxd5 exd5 7. Qxd4 Nc6 8. Qxd5 d6 9. 0-0 dxe5 10. Qxd8+ Kxd8 11. Nc3 f6 12. h3 Be6 13. Rd1+ Ke8 14. Nb5 Rc8 15. Be3 a6 16. Nd6+ Bxd6 17. Rxd6 Kf7 18. Rad1 Rhd8 19. a3 Rxd6 20. Rxd6 Ne7 21. Rb6 Rc7 22. Ne1 Nd5 23. Rb3 b5 24. Rd3 f5 25. Bd2 Kf6 26. Ba5 Rc8 27. c3 f4 28. f3 g5 29. Nc2 Ne7 30. Bd8 Kf7 31. Bxe7 Kxe7 32. Nb4 a5 33. Nd5+ Kf7 34. Nb6 Rc7 35. Kf2 Rb7 36. Rd6 Ke7 37. Rc6 h5 38. Ke2 g4 39. hxg4 hxg4 40. Kd3 Bf5+ 41. Kd2 Be6 42. Kd3 Bf5+ 43. Kd2 gxf3 44. gxf3 Be6 45. Nc8+ Bxc8 46. Rxc8 b4 47. axb4 axb4 48. c4 Rd7+ 49. Ke2 Rb7 50. b3 Ke6 51. Rc6+ Kf5 52. Rc5 Ra7 53. Rb5 Ra2+ 54. Ke1 Ra1+ 55. Ke2 Ra2+ 56. Kd3 Rf2 57. Rxb4 Rxf3+ 58. Kd2 Rf2+ 59. Kd3 e4+ 60. Kc3 e3 61. Rb8 Kg4 62. c5 Rf1 63. Re8 Rc1+ 64. Kd4 Kf3 65. b4 e2 66. b5 e1Q 67. Rxe1 Rxe1 68. b6 Rb1 69. Kd5 Kg2 70. Kc6 f3 71. b7 f2 0-1

[Event "Titled Tuesday intern op 24th Aug"]
[Site "Chess.com INT"]
[Date "2021.08.24"]
[Round "1"]
[White "Silva, Miguel Antonio Neto"]
[Black "Ponikarovsky, Alexey"]
[Result "0-1"]
[WhiteElo "2228"]
[BlackElo "1941"]
[PlyCount "110"]
[EventDate "2021.08.24"]
[EventType "swiss (blitz)"]
[EventRounds "11"]
[EventCountry "USA"]
[SourceTitle "EXT 2022"]
[Source "ChessBase"]
[SourceDate "2021.10.06"]
[SourceVersion "1"]
[SourceVersionDate "2021.10.06"]
[SourceQuality "1"]

1. e4 c5 2. Nf3 a6 3. c3 e6 4. d4 cxd4 5. cxd4 d5 6. exd5 Bb4+ 7. Bd2 Bxd2+ 8. Qxd2 exd5 9. Be2 Nf6 10. 0-0 Ne4 11. Qd1 0-0 12. Nc3 Nc6 13. Bd3 Bf5 14. h3 Re8 15. Rc1 Rc8 16. a3 h6 17. Qb3 Nxc3 18. Rxc3 Bxd3 19. Rxd3 b5 20. Rc3 Na5 21. Rxc8 Nxb3 22. Rxd8 Rxd8 23. Re1 Rc8 24. Re2 Rc1+ 25. Kh2 Kf8 26. Re5 Rc2 27. Rxd5 Rxf2 28. Ne5 Rxb2 29. Rd8+ Ke7 30. Rd7+ Ke6 31. Rxf7 Nxd4 32. Nd3 Kxf7 33. Nxb2 Ke6 34. Kg3 Kd5 35. Kf4 g6 36. h4 Ne6+ 37. Ke3 Kc5 38. g4 a5 39. Ke4 Kd6 40. h5 gxh5 41. gxh5 Ng7 42. a4 Kc5 43. Nd3+ Kc4 44. Ne5+ Kc5 45. axb5 Kxb5 46. Kd3 Nxh5 47. Ng4 Nf4+ 48. Ke4 h5 49. Nf6 a4 50. Kxf4 a3 51. Nd5 Kc4 52. Ne3+ Kd3 53. Nd5 Kc4 54. Ne3+ Kc3 55. Nd5+ Kb3 0-1

[Event "Titled Tuesday intern op 03rd Aug"]
[Site "Chess.com INT"]
[Date "2021.08.03"]
[Round "6"]
[White "Solon, Nathan"]
[Black "Ponikarovsky, Alexey"]
[Result "1-0"]
[WhiteElo "2306"]
[BlackElo "1941"]
[PlyCount "43"]
[EventDate "2021.08.03"]
[EventType "swiss (blitz)"]
[EventRounds "11"]
[EventCountry "USA"]
[SourceTitle "CBM 203 Extra"]
[Source "ChessBase"]
[SourceDate "2021.09.30"]
[SourceVersion "1"]
[SourceVersionDate "2021.09.30"]
[SourceQuality "1"]

1. d4 d5 2. c4 e6 3. Nf3 Nf6 4. g3 Bb4+ 5. Nbd2 Bxd2+ 6. Qxd2 0-0 7. Bg2 Ne4 8. Qc2 b6 9. 0-0 Bb7 10. cxd5 Bxd5 11. Bf4 c5 12. Ne5 f5 13. dxc5 Nxc5 14. Rfd1 Qf6 15. Rxd5 exd5 16. Bxd5+ Kh8 17. Bxa8 g5 18. Bd2 Ne4 19. Bxe4 fxe4 20. Ng4 Qe6 21. Bc3+ Kg8 22. Qxe4 1-0

[Event "Titled Tuesday intern op 22nd June"]
[Site "Chess.com INT"]
[Date "2021.06.22"]
[Round "10"]
[White "Lazavik, Denis"]
[Black "Ponikarovsky, Alexey"]
[Result "1-0"]
[WhiteElo "2440"]
[BlackElo "1941"]
[PlyCount "55"]
[EventDate "2021.06.22"]
[EventType "swiss (blitz)"]
[EventRounds "11"]
[EventCountry "USA"]
[SourceTitle "CBM 203 Extra"]
[Source "ChessBase"]
[SourceDate "2021.09.30"]
[SourceVersion "1"]
[SourceVersionDate "2021.09.30"]
[SourceQuality "1"]

1. d4 d5 2. c4 e6 3. Nf3 Nf6 4. Nc3 Bb4 5. Bg5 0-0 6. e3 c6 7. Bd3 h6 8. Bh4 dxc4 9. Bxc4 Nbd7 10. 0-0 Be7 11. a4 Nb6 12. Bd3 Nfd5 13. Bxe7 Qxe7 14. a5 Nxc3 15. bxc3 Nd5 16. Qd2 a6 17. e4 Nf6 18. Ne5 Nd7 19. Nc4 c5 20. d5 exd5 21. exd5 Qf6 22. Rfe1 Rd8 23. Rab1 Nf8 24. Rb6 Qh4 25. Nd6 Nd7 26. Nf5 Qa4 27. Rxh6 Nf8 28. Ne7# 1-0

[Event "Titled Tuesday intern op 22nd June"]
[Site "Chess.com INT"]
[Date "2021.06.22"]
[Round "4"]
[White "Perez Ponsa, Federico"]
[Black "Ponikarovsky, Alexey"]
[Result "1-0"]
[WhiteElo "2554"]
[BlackElo "1941"]
[PlyCount "87"]
[EventDate "2021.06.22"]
[EventType "swiss (blitz)"]
[EventRounds "11"]
[EventCountry "USA"]
[SourceTitle "CBM 203 Extra"]
[Source "ChessBase"]
[SourceDate "2021.09.30"]
[SourceVersion "1"]
[SourceVersionDate "2021.09.30"]
[SourceQuality "1"]

1. d4 d5 2. c4 e6 3. Nf3 Nf6 4. Nbd2 Be7 5. g3 0-0 6. Bg2 b6 7. 0-0 Bb7 8. Qc2 dxc4 9. Nxc4 c5 10. dxc5 Bxc5 11. Rd1 Qe7 12. a3 Be4 13. Qc3 a5 14. Bf4 Nc6 15. Bd6 Bxd6 16. Nxd6 Bd5 17. Rxd5 exd5 18. Qxc6 Qxe2 19. Qb5 Qe6 20. Nc4 dxc4 21. Ng5 Qd6 22. Bxa8 Rxa8 23. Qxc4 Qe7 24. Rc1 h6 25. Nf3 Rb8 26. Qc7 Qe8 27. Re1 Qf8 28. Kg2 Nd5 29. Qc6 Nf6 30. h3 b5 31. Re5 b4 32. Rxa5 bxa3 33. bxa3 Rc8 34. Qb7 Rb8 35. Qa7 Ne4 36. Qe3 Nf6 37. Ra7 Ra8 38. a4 Rxa7 39. Qxa7 Qb4 40. a5 Ne4 41. a6 Kh7 42. Qxf7 Nf6 43. Qb7 Qc5 44. a7 1-0

[Event "Titled Tuesday intern op 22nd June"]
[Site "Chess.com INT"]
[Date "2021.06.22"]
[Round "9"]
[White "Ponikarovsky, Alexey"]
[Black "Nguyen, Ngoc Truong Son"]
[Result "1-0"]
[WhiteElo "1941"]
[BlackElo "2641"]
[PlyCount "33"]
[EventDate "2021.06.22"]
[EventType "swiss (blitz)"]
[EventRounds "11"]
[EventCountry "USA"]
[SourceTitle "CBM 203 Extra"]
[Source "ChessBase"]
[SourceDate "2021.09.30"]
[SourceVersion "1"]
[SourceVersionDate "2021.09.30"]
[SourceQuality "1"]

1. e4 c5 2. d4 cxd4 3. Nf3 e5 4. Bc4 Nf6 5. c3 Nxe4 6. Nxe5 Qf6 7. Bxf7+ Kd8 8. Qxd4 Bd6 9. Qxe4 Bxe5 10. 0-0 d6 11. Bc4 Re8 12. Qc2 Bf5 13. Bd3 Bxd3 14. Qxd3 Nd7 15. h3 Nc5 16. Qd5 Kc7 17. b4 1-0

[Event "Titled Tuesday intern op 22nd June"]
[Site "Chess.com INT"]
[Date "2021.06.22"]
[Round "7"]
[White "Ponikarovsky, Alexey"]
[Black "Spata, German"]
[Result "1-0"]
[WhiteElo "1941"]
[BlackElo "2290"]
[PlyCount "117"]
[EventDate "2021.06.22"]
[EventType "swiss (blitz)"]
[EventRounds "11"]
[EventCountry "USA"]
[SourceTitle "CBM 203 Extra"]
[Source "ChessBase"]
[SourceDate "2021.09.30"]
[SourceVersion "1"]
[SourceVersionDate "2021.09.30"]
[SourceQuality "1"]

1. e4 e6 2. d4 d5 3. exd5 exd5 4. Nf3 Nf6 5. c4 Be7 6. Nc3 0-0 7. Be2 Nc6 8. c5 Ne4 9. 0-0 Bf6 10. Bf4 Bg4 11. h3 Bxf3 12. Bxf3 Nxd4 13. Nxe4 Nxf3+ 14. Qxf3 dxe4 15. Qxe4 Bxb2 16. Rad1 Qc8 17. c6 bxc6 18. Qxc6 Bf6 19. Rd7 a5 20. Rxc7 Qa6 21. Qc5 Rfc8 22. Rd1 Rxc7 23. Qxc7 h6 24. Rc1 Qe2 25. a4 Qa2 26. Qc6 Rd8 27. Bxh6 Bd4 28. Be3 Bxe3 29. fxe3 Qe2 30. Qe4 g6 31. Rf1 Qa2 32. Kh2 Qb3 33. Qf4 Rd3 34. Rf3 Rc3 35. Qe5 Qc4 36. Qxa5 Qc7+ 37. Qxc7 Rxc7 38. Rf4 Rc3 39. Re4 Ra3 40. Kg3 f5 41. Rb4 Rxe3+ 42. Kf4 Ra3 43. Rb8+ Kg7 44. Ra8 Kf6 45. Ra6+ Kf7 46. h4 Ra2 47. Ra7+ Kf6 48. Ra6+ Kf7 49. g3 Ra3 50. a5 Kg7 51. Ra7+ Kh6 52. Ra8 Kg7 53. a6 Ra4+ 54. Ke5 Ra3 55. a7 Ra1 56. h5 gxh5 57. Kxf5 Rf1+ 58. Kg5 Rh1 59. Rb8 1-0

[Event "Titled Tuesday intern op 25th May"]
[Site "Chess.com INT"]
[Date "2021.05.25"]
[Round "2"]
[White "Piccoli, Lucas Fonseca"]
[Black "Ponikarovsky, Alexey"]
[Result "0-1"]
[WhiteElo "2143"]
[BlackElo "1941"]
[PlyCount "114"]
[EventDate "2021.05.25"]
[EventType "swiss (blitz)"]
[EventRounds "11"]
[EventCountry "USA"]
[SourceTitle "CBM 203 Extra"]
[Source "ChessBase"]
[SourceDate "2021.09.30"]
[SourceVersion "1"]
[SourceVersionDate "2021.09.30"]
[SourceQuality "1"]

1. c4 c5 2. Nf3 Nc6 3. Nc3 Nf6 4. g3 e6 5. Bg2 d5 6. cxd5 exd5 7. d4 cxd4 8. Nxd4 Be7 9. 0-0 0-0 10. b3 Be6 11. Bb2 Qd7 12. Re1 Bh3 13. Bh1 Rac8 14. a3 Rfd8 15. b4 Ne5 16. Ra2 Nc4 17. Ba1 a5 18. bxa5 Nxa5 19. Qd3 Nc4 20. a4 Bb4 21. Rb1 Ne5 22. Qd2 Ba5 23. Rb5 b6 24. Qe3 Neg4 25. Qd3 Ne5 26. Qe3 Re8 27. Qc1 Bxc3 28. Bxc3 Ne4 29. Rc2 Nc4 30. Bxe4 dxe4 31. Rg5 e3 32. Nf5 Bxf5 33. Bxg7 Bg6 34. Rxc4 exf2+ 35. Kxf2 Rxc4 36. Qxc4 Kxg7 37. Rd5 Qe6 38. Qd4+ Qf6+ 39. Qxf6+ Kxf6 40. Rd6+ Re6 41. Rd7 Kg7 42. Rd4 Re4 43. Rd6 Rb4 44. Rc6 Rb2 45. Kf3 Bh5+ 46. g4 Bg6 47. h4 Bc2 48. h5 h6 49. g5 hxg5 50. h6+ Kh7 51. Kg4 Bxa4 52. Rf6 Rxe2 53. Kxg5 Rg2+ 54. Kf4 Rf2+ 55. Kg5 Rxf6 56. Kxf6 b5 57. Kxf7 b4 0-1

[Event "Titled Tuesday intern op 25th May"]
[Site "Chess.com INT"]
[Date "2021.05.25"]
[Round "7"]
[White "Ponikarovsky, Alexey"]
[Black "Quparadze, Giga"]
[Result "0-1"]
[WhiteElo "1941"]
[BlackElo "2463"]
[PlyCount "76"]
[EventDate "2021.05.25"]
[EventType "swiss (blitz)"]
[EventRounds "11"]
[EventCountry "USA"]
[SourceTitle "CBM 203 Extra"]
[Source "ChessBase"]
[SourceDate "2021.09.30"]
[SourceVersion "1"]
[SourceVersionDate "2021.09.30"]
[SourceQuality "1"]

1. e4 c5 2. d4 cxd4 3. Nf3 a6 4. Bc4 e6 5. 0-0 Nc6 6. Qe2 Nf6 7. Rd1 b5 8. Bb3 Bc5 9. h3 e5 10. Bg5 h6 11. Bh4 Qe7 12. c3 g5 13. Bg3 d6 14. cxd4 Nxd4 15. Nxd4 Bxd4 16. Nc3 Be6 17. Nd5 Nxd5 18. exd5 Bd7 19. a4 Rc8 20. Kh2 f5 21. f3 Kf7 22. Bf2 Bxf2 23. Qxf2 Rc5 24. axb5 Rxb5 25. Ba4 Rb4 26. Bxd7 Qxd7 27. Rxa6 Rhb8 28. Ra7 R8b7 29. Rxb7 Qxb7 30. Rd2 Qb6 31. Qe2 Qb5 32. Qf2 Qc5 33. Qe2 Qc4 34. Qf2 Kg6 35. Qa7 Qf4+ 36. Kh1 Qxd2 37. Qe7 Qxd5 38. Qe8+ Qf7 0-1

[Event "Titled Tuesday intern op 25th May"]
[Site "Chess.com INT"]
[Date "2021.05.25"]
[Round "3"]
[White "Ponikarovsky, Alexey"]
[Black "Zemerov, Vladimir"]
[Result "1-0"]
[WhiteElo "1941"]
[BlackElo "2268"]
[PlyCount "77"]
[EventDate "2021.05.25"]
[EventType "swiss (blitz)"]
[EventRounds "11"]
[EventCountry "USA"]
[SourceTitle "CBM 203 Extra"]
[Source "ChessBase"]
[SourceDate "2021.09.30"]
[SourceVersion "1"]
[SourceVersionDate "2021.09.30"]
[SourceQuality "1"]

1. e4 g6 2. d4 Bg7 3. Nf3 d6 4. c4 Nf6 5. Nc3 0-0 6. h3 Nc6 7. Be2 e5 8. d5 Nb8 9. 0-0 a5 10. Be3 Na6 11. Qd2 Qe8 12. Rfe1 Bd7 13. Bh6 Nh5 14. Bxg7 Kxg7 15. Kh2 Nf4 16. Bf1 Qc8 17. Ne2 Nxe2 18. Qxe2 Nc5 19. Rad1 h6 20. Qe3 f5 21. exf5 Rxf5 22. a3 a4 23. Bd3 Rh5 24. Bf1 Bf5 25. Kg1 Bc2 26. Rc1 Bb3 27. g4 Rg5 28. Nxg5 hxg5 29. Qxg5 Qf8 30. Rc3 Qf7 31. Rg3 Rf8 32. Qd2 e4 33. Bg2 Bxc4 34. Bxe4 Nxe4 35. Rxe4 Bxd5 36. Re1 Bc6 37. Rge3 Kg8 38. Qc2 Bd5 39. Re7 1-0

[Event "Titled Tuesday intern op 18th May"]
[Site "Chess.com INT"]
[Date "2021.05.18"]
[Round "6"]
[White "Vantika, Agrawal"]
[Black "Ponikarovsky, Alexey"]
[Result "1-0"]
[WhiteElo "2286"]
[BlackElo "1941"]
[PlyCount "203"]
[EventDate "2021.05.18"]
[EventType "swiss (blitz)"]
[EventRounds "11"]
[EventCountry "USA"]
[SourceTitle "CBM 202 Extra"]
[Source "ChessBase"]
[SourceDate "2021.07.31"]
[SourceVersion "1"]
[SourceVersionDate "2021.07.31"]
[SourceQuality "1"]

1. d4 d5 2. c4 e6 3. Nf3 Nf6 4. g3 Bb4+ 5. Nbd2 0-0 6. Bg2 b6 7. 0-0 Bb7 8. b3 dxc4 9. Nxc4 Nbd7 10. Bb2 Qe7 11. Rc1 Rfd8 12. a3 Bd6 13. Nxd6 Qxd6 14. Qc2 Rac8 15. Ne5 Bxg2 16. Kxg2 c5 17. Rfd1 Nxe5 18. dxe5 Qc6+ 19. Kg1 Ne4 20. f3 Ng5 21. Kg2 h5 22. Rxd8+ Rxd8 23. Rd1 Rd5 24. Bc1 Nh7 25. e4 Rd7 26. Rd3 Nf8 27. Bg5 b5 28. Qd2 c4 29. bxc4 bxc4 30. Rd6 c3 31. Qc2 Rxd6 32. exd6 Qxd6 33. Qxc3 Qa6 34. Kf2 Nd7 35. Be3 Qb7 36. a4 Kh7 37. Bd4 f6 38. a5 a6 39. e5 f5 40. Be3 Nf8 41. Qd4 Ng6 42. Bf4 Qc6 43. Be3 Qc2+ 44. Bd2 Qb1 45. Kg2 Qd1 46. h4 Qe2+ 47. Qf2 Qd3 48. Bf4 Qc4 49. Qb6 Nxf4+ 50. gxf4 Qe2+ 51. Kg3 Qe1+ 52. Kg2 Qe2+ 53. Kg3 Qc4 54. Qb7 Qf1 55. Qf7 Qg1+ 56. Kh3 Qh1+ 57. Kg3 Qe1+ 58. Kh3 Qxa5 59. Qxh5+ Kg8 60. Qe8+ Kh7 61. Qh5+ Kg8 62. Qe8+ Kh7 63. Qxe6 Qb5 64. Qxf5+ Kg8 65. Qc8+ Kf7 66. Qf5+ Ke7 67. Qg5+ Kf7 68. Qh5+ Kf8 69. Qh8+ Kf7 70. Qh5+ Kg8 71. Qg5 Qd7+ 72. Kg3 a5 73. f5 a4 74. e6 Qc7+ 75. Kg4 a3 76. f6 a2 77. f7+ Kf8 78. Qd2 Qc4+ 79. Kg5 Qc5+ 80. Kg6 Qc7 81. Qd7 Qxd7 82. exd7 Ke7 83. Kxg7 a1Q+ 84. Kg8 Qg1+ 85. Kh7 Qh2 86. f8Q+ Kxd7 87. Qf7+ Kd6 88. h5 Qg3 89. f4 Qh4 90. Qg6+ Kd5 91. f5 Ke5 92. Kg7 Qb4 93. f6 Qb7+ 94. f7 Qc7 95. Qg5+ Ke6 96. Qg6+ Ke5 97. Qf6+ Kd5 98. Kg8 Qg3+ 99. Qg6 Qb8+ 100. f8Q Qb4 101. Qxb4 Ke5 102. Qbe4# 1-0

[Event "Titled Tuesday intern op 30th Mar"]
[Site "Chess.com INT"]
[Date "2021.03.30"]
[Round "3"]
[White "Bruedigam, Martin"]
[Black "Ponikarovsky, Alexey"]
[Result "0-1"]
[WhiteElo "2386"]
[BlackElo "1929"]
[PlyCount "62"]
[EventDate "2021.03.30"]
[EventType "swiss (blitz)"]
[EventRounds "11"]
[EventCountry "USA"]
[SourceTitle "CBM 201 Extra"]
[Source "ChessBase"]
[SourceDate "2021.05.31"]
[SourceVersion "1"]
[SourceVersionDate "2021.05.31"]
[SourceQuality "1"]

1. d4 d5 2. c4 e6 3. Nc3 Nf6 4. cxd5 Nxd5 5. Nf3 Nxc3 6. bxc3 c5 7. e3 cxd4 8. cxd4 Bb4+ 9. Bd2 Bxd2+ 10. Qxd2 0-0 11. Be2 b6 12. 0-0 Bb7 13. Ne5 Nd7 14. Bf3 Bxf3 15. Nxf3 Rc8 16. Rac1 Qe7 17. Qd3 Nf6 18. h3 h6 19. Ne5 Nd5 20. a3 Qb7 21. Rc4 Rxc4 22. Nxc4 Qa6 23. Qb3 Rc8 24. Nd6 Rc3 25. Qb1 Qxa3 26. Nb5 Qa5 27. Nxc3 Nxc3 28. Qd3 b5 29. e4 b4 30. Rc1 Qa3 31. Re1 Qa5 0-1

[Event "Titled Tuesday intern op 30th Mar"]
[Site "Chess.com INT"]
[Date "2021.03.30"]
[Round "8"]
[White "Diaz Perez, Michel Alejandro"]
[Black "Ponikarovsky, Alexey"]
[Result "1-0"]
[WhiteElo "2459"]
[BlackElo "1929"]
[PlyCount "45"]
[EventDate "2021.03.30"]
[EventType "swiss (blitz)"]
[EventRounds "11"]
[EventCountry "USA"]
[SourceTitle "CBM 201 Extra"]
[Source "ChessBase"]
[SourceDate "2021.05.31"]
[SourceVersion "1"]
[SourceVersionDate "2021.05.31"]
[SourceQuality "1"]

1. d4 Nf6 2. c4 e6 3. Nf3 d5 4. Nc3 Bb4 5. cxd5 Nxd5 6. Bg5 f6 7. Bd2 0-0 8. e4 Nxc3 9. bxc3 Be7 10. Bc4 c5 11. Qb3 Qb6 12. 0-0 cxd4 13. cxd4 Kh8 14. Qxb6 axb6 15. Rab1 e5 16. dxe5 fxe5 17. Nxe5 g6 18. Bc3 Bf6 19. Rxb6 Kg7 20. Rd1 Nc6 21. f4 Bxe5 22. fxe5 Bg4 23. Rxb7+ 1-0

[Event "Titled Tuesday intern op 30th Mar"]
[Site "Chess.com INT"]
[Date "2021.03.30"]
[Round "4"]
[White "Ponikarovsky, Alexey"]
[Black "Piccoli, Lucas Fonseca"]
[Result "1-0"]
[WhiteElo "1929"]
[BlackElo "2143"]
[PlyCount "57"]
[EventDate "2021.03.30"]
[EventType "swiss (blitz)"]
[EventRounds "11"]
[EventCountry "USA"]
[SourceTitle "CBM 201 Extra"]
[Source "ChessBase"]
[SourceDate "2021.05.31"]
[SourceVersion "1"]
[SourceVersionDate "2021.05.31"]
[SourceQuality "1"]

1. e4 c6 2. d4 d5 3. exd5 cxd5 4. Nf3 Nf6 5. c4 Nc6 6. Nc3 g6 7. cxd5 Nxd5 8. Bb5 Bg7 9. 0-0 0-0 10. h3 a6 11. Ba4 Nxc3 12. bxc3 Be6 13. Bg5 h6 14. Bh4 g5 15. Bg3 Rc8 16. Qd3 Na5 17. Bc2 f5 18. Rfe1 Bd5 19. Be5 Be4 20. Rxe4 fxe4 21. Qxe4 Rf7 22. Qh7+ Kf8 23. Bg6 Qd5 24. Bxf7 Qxf7 25. Bxg7+ Qxg7 26. Qf5+ Qf7 27. Qxc8+ Kg7 28. Re1 Nc6 29. Qxb7 1-0

[Event "Titled Tuesday intern op 30th Mar"]
[Site "Chess.com INT"]
[Date "2021.03.30"]
[Round "5"]
[White "Wadsworth, Matthew J"]
[Black "Ponikarovsky, Alexey"]
[Result "0-1"]
[WhiteElo "2416"]
[BlackElo "1929"]
[PlyCount "80"]
[EventDate "2021.03.30"]
[EventType "swiss (blitz)"]
[EventRounds "11"]
[EventCountry "USA"]
[SourceTitle "CBM 201 Extra"]
[Source "ChessBase"]
[SourceDate "2021.05.31"]
[SourceVersion "1"]
[SourceVersionDate "2021.05.31"]
[SourceQuality "1"]

1. c4 c5 2. g3 Nc6 3. Bg2 e5 4. Nc3 Nf6 5. Nf3 Be7 6. 0-0 0-0 7. Ne1 d6 8. Nc2 Be6 9. Ne3 Qd7 10. d3 Bh3 11. Bd2 Bxg2 12. Kxg2 Rab8 13. a3 h6 14. Rb1 a6 15. b4 cxb4 16. axb4 b5 17. cxb5 axb5 18. Ncd5 Nxd5 19. Nxd5 Bd8 20. Rc1 Ne7 21. Qb3 Nxd5 22. Qxd5 Kh8 23. Rc6 Be7 24. Rfc1 Rb7 25. e4 f5 26. exf5 Qxf5 27. Be3 Bg5 28. Qe4 Qf6 29. Bxg5 Qxf2+ 30. Kh3 hxg5 31. Rxd6 Rbf7 32. Qxe5 Qd2 33. Rcc6 g4+ 34. Kxg4 Qxb4+ 35. d4 Qb1 36. Rh6+ Kg8 37. Rcg6 Qd3 38. Qh5 Qe2+ 39. Kh4 Rf4+ 40. gxf4 Qxh2+ 0-1

[Event "Titled Tuesday intern op 23rd Mar"]
[Site "Chess.com INT"]
[Date "2021.03.23"]
[Round "5"]
[White "Ponikarovsky, Alexey"]
[Black "Sjugirov, Sanan"]
[Result "0-1"]
[WhiteElo "1929"]
[BlackElo "2663"]
[PlyCount "97"]
[EventDate "2021.03.23"]
[EventType "swiss (blitz)"]
[EventRounds "11"]
[EventCountry "USA"]
[SourceTitle "CBM 201 Extra"]
[Source "ChessBase"]
[SourceDate "2021.05.31"]
[SourceVersion "1"]
[SourceVersionDate "2021.05.31"]
[SourceQuality "1"]

1. e4 c5 2. d4 cxd4 3. Nf3 Nc6 4. Bc4 e6 5. 0-0 a6 6. Qe2 b5 7. Bb3 Bb7 8. Rd1 Bc5 9. c3 d3 10. Qxd3 Nf6 11. Bg5 Qc7 12. Qe2 Ne5 13. Nbd2 Nxf3+ 14. Nxf3 Nxe4 15. Bh4 0-0 16. a4 bxa4 17. Bxa4 d5 18. Nd2 f5 19. Bc2 Qf4 20. Bg3 Nxg3 21. hxg3 Qxg3 22. Nb3 Ba7 23. Qxe6+ Kh8 24. Rd2 Qg5 25. Qd7 Rab8 26. Rd4 Qf6 27. Rad1 Bxd4 28. Nxd4 Bc8 29. Qa4 Rxb2 30. Bb3 Qh4 31. Rf1 Qe7 32. Bxd5 Qc5 33. Bf3 Qxc3 34. Nc6 Bd7 35. Qa5 Qxa5 36. Nxa5 Bb5 37. Rd1 Be2 38. Bxe2 Rxe2 39. Rd6 h6 40. Rxa6 Ra2 41. Ra7 Kh7 42. g3 Rc8 43. Kg2 Rcc2 44. Kf3 Rxf2+ 45. Ke3 Rg2 46. Kf3 Rgf2+ 47. Ke3 Rh2 48. Nc6 Rxa7 49. Nxa7 0-1